|
|
|
|
| LEADER |
03003nam a22003973i 4500 |
| 001 |
EBC5621029 |
| 003 |
MiAaPQ |
| 005 |
20231204023214.0 |
| 006 |
m o d | |
| 007 |
cr cnu|||||||| |
| 008 |
231204s2019 xx o ||||0 eng d |
| 020 |
|
|
|a 9783030005788
|q (electronic bk.)
|
| 020 |
|
|
|z 9783030005771
|
| 035 |
|
|
|a (MiAaPQ)EBC5621029
|
| 035 |
|
|
|a (Au-PeEL)EBL5621029
|
| 035 |
|
|
|a (CaPaEBR)ebr11642133
|
| 035 |
|
|
|a (OCoLC)1108565603
|
| 040 |
|
|
|a MiAaPQ
|b eng
|e rda
|e pn
|c MiAaPQ
|d MiAaPQ
|
| 050 |
|
4 |
|a Q175.4-.55
|
| 082 |
0 |
|
|a 518.1
|
| 100 |
1 |
|
|a Neyland, Daniel.
|
| 245 |
1 |
4 |
|a The Everyday Life of an Algorithm.
|
| 250 |
|
|
|a 1st ed.
|
| 264 |
|
1 |
|a Cham :
|b Springer International Publishing AG,
|c 2019.
|
| 264 |
|
4 |
|c Ã2019.
|
| 300 |
|
|
|a 1 online resource (154 pages)
|
| 336 |
|
|
|a text
|b txt
|2 rdacontent
|
| 337 |
|
|
|a computer
|b c
|2 rdamedia
|
| 338 |
|
|
|a online resource
|b cr
|2 rdacarrier
|
| 505 |
0 |
|
|a Intro -- Acknowledgements -- Contents -- List of Figures -- Chapter 1 Introduction: Everyday Life and the Algorithm -- Abstract -- Opening -- Algorithmic Discontent -- Everyday -- The Structure of the Argument -- References -- Chapter 2 Experimentation with a Probable Human-Shaped Object -- Abstract -- Opening -- What Is Experimentation? -- The Algorithmic Project -- Establishing the Grounds for Experimentation and the Missing Algorithms -- Elegance and the Human-Shaped Object -- Conclusion -- References -- Chapter 3 Accountability and the Algorithm -- Abstract -- Opening -- Accountability -- Account-ability Through the User Interface and Route Reconstruction -- Account-ability and Accountability Through the Ethics Board -- Conclusion -- References -- Chapter 4 The Deleting Machine and Its Discontents -- Abstract -- Opening -- Deletion and the Algorithm -- Deletion and the Challenges of Nothing -- Conclusion -- References -- Chapter 5 Demonstrating the Algorithm -- Abstract -- Opening -- Future Orientations of Technology -- Integrity and the Algorithm -- Demonstrating Algorithms -- Demonstrating Ethics -- End-User Demonstrations -- Demonstration for Project Funders -- Integrity, Everyday Life and the Algorithm -- Conclusion -- References -- Chapter 6 Market Value and the Everyday Life of the Algorithm -- Abstract -- Opening -- Performativity -- Building a Market Value for the Algorithms -- The Everyday Life of the Algorithm -- References -- References -- Index.
|
| 588 |
|
|
|a Description based on publisher supplied metadata and other sources.
|
| 590 |
|
|
|a Electronic reproduction. Ann Arbor, Michigan : ProQuest Ebook Central, 2023. Available via World Wide Web. Access may be limited to ProQuest Ebook Central affiliated libraries.
|
| 655 |
|
4 |
|a Electronic books.
|
| 776 |
0 |
8 |
|i Print version:
|a Neyland, Daniel
|t The Everyday Life of an Algorithm
|d Cham : Springer International Publishing AG,c2019
|z 9783030005771
|
| 797 |
2 |
|
|a ProQuest (Firm)
|
| 856 |
4 |
0 |
|u https://ebookcentral.proquest.com/lib/matrademy/detail.action?docID=5621029
|z Click to View
|